Striking incidents in the life of Moses. (Record no. 3738)

000 -LEADER
fixed length control field 00586nam a2200193 a 4500
001 - CONTROL NUMBER
control field :::00001470$&:&@@
003 - CONTROL NUMBER IDENTIFIER
control field OkBaRHE
005 - DATE AND TIME OF LATEST TRANSACTION
control field 20000607103244.0
008 - FIXED-LENGTH DATA ELEMENTS--GENERAL INFORMATION
fixed length control field s195 j 000 0 eng u
040 ## - CATALOGING SOURCE
Transcribing agency
100 1# - MAIN ENTRY--PERSONAL NAME
Personal name Reid, R. J.
245 10 - TITLE STATEMENT
Title Striking incidents in the life of Moses.
260 ## - PUBLICATION, DISTRIBUTION, ETC. (IMPRINT)
Place of publication, distribution, etc [New York NY., :
Name of publisher, distributor, etc Loizeaux Bros.
Date of publication, distribution, etc 195
300 ## - PHYSICAL DESCRIPTION
Extent 80 p. ;
Dimensions 19 cm.
490 0# - SERIES STATEMENT
Series statement Treasury of truth, no. 197.
650 ## - SUBJECT ADDED ENTRY--TOPICAL TERM
Topical term or geographic name as entry element Moses (Biblical Leader)
942 ## - ADDED ENTRY ELEMENTS (KOHA)
Source of classification or shelving scheme
Koha item type Books
Copies
Full call number Price effective from Permanent Location Withdrawn status Koha item type Date last seen Source of classification or shelving scheme Not for loan Lost status Date acquired Damaged status Shelving location Barcode Copy number
BS 580 .M6R42010-04-14RHEMA Bible Training College Books2010-04-14   2010-04-14 General Stacks14701